000 00763nam a2200289Ia 4500
001 Z_2771
003 CHAP
008 220113s1998 xx 000 0 und d
010 _a163578
040 _cCHAP
082 _a636.08 F67
100 _aForo de Análisis de los Recursos Genéticos (4 : 1998 : Villahermosa, Tab.)
_9137735
245 _aGanadería bovina de doble propósito /
_cpor SAGAR
260 _aVillahermosa, Tab. :
_bLa Secretaría,
_c1998
300 _a110 p.
440 _a
500 _a
503 _aDONACIÓN
650 _aGanado bovino
_xgenética
_9137736
650 _aGanado de doble propósito
_xGenética
_9137737
901 _a636.08 F67
902 _aA
910 _a1998
942 _c1
942 _cc1
999 _c163578
_d163578